000 00477nmm a2200169Ia 4500
008 251105s9999||||xx |||||||||||||||||und||
020 _a9789681680572
041 _aspa
100 _aPérez Martínez, Héctor
245 0 _aJuárez, el impasible
264 _a[México D.C., Mexico] :
_bFondo de Cultura Económica,
_c2010
300 _a214 páginas
490 _aPopular
650 _aBiography
856 _uhttps://public.digitaliapublishing.com/a/43007
942 _cCF
999 _c97072
_d97072